000
00309nam a2200133Ia 4500
005
20251222155206.0
008
251222s9999||||xx |||||||||||||| ||spa||
082
_a
MEQ. 99
100
_a
MERK S.
245
0
_a
Tercer Congreso Latinoamericano Diabetes
250
_a
1ra. ed.
264
_b
Labor
942
_c
LIB
999
_c
40100
_d
40100